Aspetti e tendenze del diritto costituzionale (Registro nro. 102913)
[ vista simple ]
| 000 -CABECERA | |
|---|---|
| campo de control de longitud fija | 01074nam a2200277 i 4500 |
| 001 - NÚMERO DE CONTROL | |
| campo de control | 102913 |
| 003 - IDENTIFICADOR DEL NÚMERO DE CONTROL | |
| campo de control | ES-MaBCM |
| 005 - FECHA Y HORA DE LA ÚLTIMA TRANSACCIÓN | |
| campo de control | 20241016135759.0 |
| 008 - CÓDIGOS DE INFORMACIÓN DE LONGITUD FIJA | |
| campo de control de longitud fija | 041126s1977 ita 000 0 ita d |
| 021 ## - | |
| -- | xx |
| 035 ## - NÚMERO DE CONTROL DEL SISTEMA | |
| Número de control de sistema | (OCoLC)851284915 |
| 035 ## - NÚMERO DE CONTROL DEL SISTEMA | |
| Número de control de sistema | (OCoLC)851284915 |
| 040 ## - FUENTE DE LA CATALOGACIÓN | |
| Centro transcriptor | ES-MaBCM |
| 041 0# - CÓDIGO DE LENGUA | |
| Código de lengua del texto/banda sonora o título independiente | ita |
| 043 ## - CÓDIGO DE ÁREA GEOGRÁFICA | |
| Código de área geográfica | ita |
| 245 00 - MENCIÓN DE TÍTULO | |
| Título | Aspetti e tendenze del diritto costituzionale |
| Resto del título | : scritti in onore di Costantino Mortati |
| 260 ## - PUBLICACIÓN, DISTRIBUCIÓN, ETC. (PIE DE IMPRENTA) | |
| Lugar de publicación distribución etc. | Milano : |
| Nombre del editor distribuidor etc. | Giuffrè, |
| Fecha de publicación distribución etc. | 1977 |
| 300 ## - DESCRIPCIÓN FÍSICA | |
| Extensión | v. |
| Dimensiones | 25 cm |
| 440 #0 - MENCIÓN DE SERIE/PUNTO DE ACCESO ADICIONAL--TÍTULO | |
| Título | Università di Roma |
| RLIN | 104238 |
| -- | Pubblicazioni dell'istituto di Studi Giuridici della Facoltà di Scienze Politiche. Serie |
| -- | V |
| 505 1# - NOTA DE CONTENIDO CON FORMATO | |
| Nota de contenido con formato | I. Diritto costituzionale generale. Storia costituzionale e politica costituzionale.- XXVI, 866 p. |
| 505 0# - NOTA DE CONTENIDO CON FORMATO | |
| Nota de contenido con formato | III. Lo Stato-comunità. Le autonomie dei singoli e delle formazioni sociali. Le autonomie influenti sulla politica generale dello Stato.- 1254 p. |
| 600 14 - PUNTO DE ACCESO ADICIONAL DE MATERIA--NOMBRE DE PERSONA | |
| Nombre de persona | Mortati, Costantino |
| 9 (RLIN) | 32574 |
| 650 #7 - PUNTO DE ACCESO ADICIONAL DE MATERIA--TÉRMINO DE MATERIA | |
| Término de materia o nombre geográfico como elemento inicial | Derecho constitucional |
| 9 (RLIN) | 58302 |
| 700 1# - PUNTO DE ACCESO ADICIONAL--NOMBRE DE PERSONA | |
| Nombre de persona | Mortati, Costantino |
| 9 (RLIN) | 32574 |
| 942 ## - ELEMENTOS DE PUNTO DE ACCESO ADICIONAL (KOHA) | |
| Tipo de ítem Koha | Libros |
| Estado de retiro | Estado de pérdida | Fuente del sistema de clasificación o colocación | Estado dañado | No para préstamo | Localización permanente | Ubicación/localización actual | Ubicación en estantería | Fecha de adquisición | Fuente de adquisición | Número de inventario | Número de registro | Signatura topográfica completa | Código de barras | Precio válido a partir de | Tipo de ítem Koha |
|---|---|---|---|---|---|---|---|---|---|---|---|---|---|---|---|
| Biblioteca Central del Ministerio de la Presidencia | Biblioteca Central del Ministerio de la Presidencia | Sala | 26/11/2004 | Compra | 24657 | 24657 | 18.705/1 | 1043870 | 26/11/2004 | Libros | |||||
| Biblioteca Central del Ministerio de la Presidencia | Biblioteca Central del Ministerio de la Presidencia | Sala | 28/02/2006 | Compra | 18.705/3 | 1043869 | 28/02/2006 | Libros |
